| 000 -LEADER |
| fixed length control field |
01746nam a2200349 4500 |
| 005 - DATE AND TIME OF LATEST TRANSACTION |
| control field |
20260416145634.0 |
| 008 - FIXED-LENGTH DATA ELEMENTS--GENERAL INFORMATION |
| fixed length control field |
260416b xxu||||| |||| 00| 0 eng d |
| 040 ## - CATALOGING SOURCE |
| Transcribing agency |
Cagayan State University |
| 082 ## - DEWEY DECIMAL CLASSIFICATION NUMBER |
| Classification number |
791.437 |
| Item number |
H643 2025. |
| 245 ## - TITLE STATEMENT |
| Title |
We bury the dead / |
| Statement of responsibility, etc |
written and directed by Zak Hilditch ; produced by Kelvin Munro Grant Sputore Ross Dinerstein Joshua Harris Mark Fasano ; edited by Merlin Eden. |
| 260 ## - PUBLICATION, DISTRIBUTION, ETC. (IMPRINT) |
| Place of publication, distribution, etc |
Australia ; |
| -- |
United States : |
| Name of publisher, distributor, etc |
Umbrella Entertainment (Australia) ; |
| -- |
Vertical (United States), |
| Date of publication, distribution, etc |
2024. |
| 300 ## - PHYSICAL DESCRIPTION |
| Extent |
1 videofile, (ca. 95 mins) : |
| Other physical details |
sound, color. |
| 500 ## - GENERAL NOTE |
| General note |
Summary derived from IMDb Web site. |
| 520 ## - SUMMARY, ETC. |
| Summary, etc |
After a catastrophic military disaster, the dead don't just rise - they hunt. The military insists they are harmless and slow-moving, offering hope to grieving families. But when Ava enters a quarantine zone searching for her missing husband, she uncovers the horrifying truth: the undead are growing more violent, more relentless, and more dangerous with every passing hour. —Vertical Entertainment |
| 521 ## - TARGET AUDIENCE NOTE |
| Target audience note |
Rated R for strong violent content, gore, language and brief drug use. |
| Source |
Motion Picture Rating (MPA) |
| 546 ## - LANGUAGE NOTE |
| Language note |
In English subtitle. |
| 650 ## - SUBJECT ADDED ENTRY--TOPICAL TERM |
| Topical term or geographic name as entry element |
Monster Horror |
| 650 ## - SUBJECT ADDED ENTRY--TOPICAL TERM |
| Topical term or geographic name as entry element |
Zombie Horror |
| 650 ## - SUBJECT ADDED ENTRY--TOPICAL TERM |
| Topical term or geographic name as entry element |
Horror |
| 650 ## - SUBJECT ADDED ENTRY--TOPICAL TERM |
| Topical term or geographic name as entry element |
Thriller |
| 700 ## - ADDED ENTRY--PERSONAL NAME |
| Personal name |
Dinerstein, Ross M, producer. |
| 700 ## - ADDED ENTRY--PERSONAL NAME |
| Personal name |
Munro, Kelvin, producer. |
| 700 ## - ADDED ENTRY--PERSONAL NAME |
| Personal name |
Sputore, Grant, producer. |
| 700 ## - ADDED ENTRY--PERSONAL NAME |
| Personal name |
Harris, Joshua, producer. |
| 700 ## - ADDED ENTRY--PERSONAL NAME |
| Personal name |
Fasano, Mark, producer. |
| 700 ## - ADDED ENTRY--PERSONAL NAME |
| Personal name |
Ridley, Daisy, star. |
| 700 ## - ADDED ENTRY--PERSONAL NAME |
| Personal name |
Thwaites, Brenton, star. |
| 700 ## - ADDED ENTRY--PERSONAL NAME |
| Personal name |
Smith, Mark Coles, star. |
| 700 ## - ADDED ENTRY--PERSONAL NAME |
| Personal name |
Annis, Steve, cinematographer. |
| 700 ## - ADDED ENTRY--PERSONAL NAME |
| Personal name |
Eden, Merlin, editor. |
| 942 ## - ADDED ENTRY ELEMENTS (KOHA) |
| Item type |
Audio-Visual Materials |
| Source of classification or shelving scheme |
|